Normal view
MARC view
Entry Topical Term
001 - CONTROL NUMBER
- control field: 48181
003 - CONTROL NUMBER IDENTIFIER
- control field: OSt
005 - DATE AND TIME OF LATEST TRANSACTION
- control field: 20241009164455.0
008 - FIXED-LENGTH DATA ELEMENTS
- fixed length control field: 241009|| aca||aabn | a|a d
040 ## - CATALOGING SOURCE
- Original cataloging agency: OSt
- Transcribing agency: OSt
150 ## - HEADING--TOPICAL TERM
- Topical term or geographic name entry element: Jan Vishwas Amendment of Provisions Bill 2023, Jan Vishwas Act 2023
670 ## - SOURCE DATA FOUND
- Source citation: Work cat.: (OSt)524822: Jain, Anurag 48180, The Jan Vishwas (Amendmentof provisions) act, 2023: Conception and development
